[Event "Team Championship (men blitz)"]
[Site "Sochi"]
[Date "2017.10.05"]
[Round "8.12"]
[White "Iljiushenok, Ilia"]
[Black "Bocharov, Dmitry"]
[Result "1-0"]
[LiveChessVersion "1.4.8"]
[BlackElo "2653"]
[WhiteElo "2409"]

1. e4 {[%clk 0:03:03]} g6 {[%clk 0:03:03]} 2. d4 {[%clk 0:03:01]} Bg7
{[%clk 0:03:04]} 3. Nc3 {[%clk 0:03:02]} a6 {[%clk 0:03:04]} 4. g3
{[%clk 0:02:51]} b5 {[%clk 0:02:57]} 5. Bg2 {[%clk 0:02:52]} Bb7 {[%clk 0:02:57]}
6. a3 {[%clk 0:02:52]} d6 {[%clk 0:02:57]} 7. Nge2 {[%clk 0:02:53]} Nd7
{[%clk 0:02:58]} 8. O-O {[%clk 0:02:53]} c5 {[%clk 0:02:50]} 9. h3
{[%clk 0:02:53]} cxd4 {[%clk 0:02:26]} 10. Nxd4 {[%clk 0:02:54]} Rc8
{[%clk 0:02:26]} 11. a4 {[%clk 0:02:25]} b4 {[%clk 0:02:10]} 12. Nd5
{[%clk 0:02:26]} a5 {[%clk 0:02:09]} 13. c3 {[%clk 0:01:58]} bxc3
{[%clk 0:02:01]} 14. bxc3 {[%clk 0:01:51]} Ngf6 {[%clk 0:01:42]} 15. Rb1
{[%clk 0:01:52]} Ba8 {[%clk 0:01:39]} 16. Re1 {[%clk 0:01:25]} O-O
{[%clk 0:01:35]} 17. Bg5 {[%clk 0:01:09]} h6 {[%clk 0:01:18]} 18. Be3
{[%clk 0:01:10]} Kh7 {[%clk 0:01:19]} 19. Kh2 {[%clk 0:00:55]} Ne5
{[%clk 0:01:13]} 20. Rb5 {[%clk 0:00:45]} Nc4 {[%clk 0:01:13]} 21. Bc1
{[%clk 0:00:46]} e5 {[%clk 0:01:09]} 22. Nxf6+ {[%clk 0:00:21]} Qxf6
{[%clk 0:01:07]} 23. Nf3 {[%clk 0:00:16]} Rfd8 {[%clk 0:01:02]} 24. Qe2
{[%clk 0:00:16]} Qe6 {[%clk 0:00:59]} 25. Nd2 {[%clk 0:00:16]} Bc6
{[%clk 0:00:54]} 26. Rb1 {[%clk 0:00:10]} Bxa4 {[%clk 0:00:46]} 27. Nxc4
{[%clk 0:00:11]} Rxc4 {[%clk 0:00:28]} 28. Bd2 {[%clk 0:00:12]} Bc6
{[%clk 0:00:27]} 29. Bf3 {[%clk 0:00:09]} a4 {[%clk 0:00:27]} 30. Qd3
{[%clk 0:00:09]} d5 {[%clk 0:00:22]} 31. exd5 {[%clk 0:00:09]} Bxd5
{[%clk 0:00:23]} 32. Bxd5 {[%clk 0:00:05]} Qxd5 {[%clk 0:00:24]} 33. Qxd5
{[%clk 0:00:06]} Rxd5 {[%clk 0:00:25]} 34. Re2 {[%clk 0:00:05]} a3
{[%clk 0:00:21]} 35. Ra1 {[%clk 0:00:06]} Ra5 {[%clk 0:00:20]} 36. Ra2
{[%clk 0:00:07]} e4 {[%clk 0:00:19]} 37. Bc1 {[%clk 0:00:08]} Rca4
{[%clk 0:00:16]} 38. c4 {[%clk 0:00:08]} f5 {[%clk 0:00:16]} 39. Re3
{[%clk 0:00:10]} Bf8 {[%clk 0:00:16]} 40. Kg2 {[%clk 0:00:09]} Rxc4
{[%clk 0:00:17]} 41. Bd2 {[%clk 0:00:05]} Ra6 {[%clk 0:00:16]} 42. Rb3
{[%clk 0:00:05]} Rc7 {[%clk 0:00:15]} 43. h4 {[%clk 0:00:06]} Kg8
{[%clk 0:00:15]} 44. Rb5 {[%clk 0:00:05]} h5 {[%clk 0:00:15]} 45. Bf4
{[%clk 0:00:06]} Rcc6 {[%clk 0:00:16]} 46. Be5 {[%clk 0:00:07]} Rcb6
{[%clk 0:00:16]} 47. Rd5 {[%clk 0:00:07]} Kf7 {[%clk 0:00:17]} 48. Bd4
{[%clk 0:00:08]} Rd6 {[%clk 0:00:18]} 49. Rxd6 {[%clk 0:00:08]} Bxd6
{[%clk 0:00:19]} 50. Kf1 {[%clk 0:00:08]} Ke6 51. Ke2 Kd5 {[%clk 0:00:22]} 52.
Bg7 {[%clk 0:00:09]} Bc5 {[%clk 0:00:22]} 53. Kd1 {[%clk 0:00:09]} Kc4
{[%clk 0:00:23]} 54. Rc2+ {[%clk 0:00:10]} Kd5 {[%clk 0:00:23]} 55. Ra2
{[%clk 0:00:11]} Rb6 {[%clk 0:00:22]} 56. Rd2+ {[%clk 0:00:10]} Ke6
{[%clk 0:00:22]} 57. Rc2 {[%clk 0:00:11]} Bd6 {[%clk 0:00:23]} 58. Ra2
{[%clk 0:00:10]} Rb3 {[%clk 0:00:24]} 59. Kc2 {[%clk 0:00:11]} Rb5
{[%clk 0:00:22]} 60. Bd4 {[%clk 0:00:10]} Bc5 {[%clk 0:00:21]} 61. Kc3
{[%clk 0:00:07]} Rb2 {[%clk 0:00:18]} 62. Ra1 {[%clk 0:00:05]} Bxd4+
{[%clk 0:00:18]} 63. Kxd4 {[%clk 0:00:06]} a2 {[%clk 0:00:19]} 1-0

[Event "Team Championship (men blitz)"]
[Site "Sochi"]
[Date "2017.10.05"]
[Round "8.13"]
[White "Grachev, Boris"]
[Black "Artemiev, Vladislav"]
[Result "1/2-1/2"]
[LiveChessVersion "1.4.8"]
[BlackElo "2729"]
[WhiteElo "2625"]

1. d4 {[%clk 0:03:03]} Nf6 {[%clk 0:03:03]} 2. c4 {[%clk 0:03:04]} c6
{[%clk 0:03:03]} 3. Nf3 {[%clk 0:03:04]} d5 {[%clk 0:03:04]} 4. e3
{[%clk 0:03:05]} Bf5 {[%clk 0:02:58]} 5. Bd3 {[%clk 0:03:05]} Bxd3
{[%clk 0:02:58]} 6. Qxd3 {[%clk 0:03:06]} e6 {[%clk 0:02:59]} 7. O-O
{[%clk 0:03:04]} Nbd7 {[%clk 0:03:00]} 8. Nbd2 {[%clk 0:02:50]} a5
{[%clk 0:03:00]} 9. e4 {[%clk 0:02:37]} dxc4 {[%clk 0:03:01]} 10. Qxc4
{[%clk 0:02:33]} Be7 {[%clk 0:03:02]} 11. b3 {[%clk 0:02:27]} O-O
{[%clk 0:02:52]} 12. Bb2 {[%clk 0:02:22]} a4 {[%clk 0:02:06]} 13. Rab1
{[%clk 0:02:09]} axb3 {[%clk 0:01:43]} 14. axb3 {[%clk 0:02:09]} Ra2
{[%clk 0:01:41]} 15. Qc2 {[%clk 0:01:53]} c5 {[%clk 0:01:08]} 16. Ra1
{[%clk 0:01:48]} Rxa1 {[%clk 0:01:09]} 17. Rxa1 {[%clk 0:01:49]} Qb6
{[%clk 0:01:09]} 18. Nc4 {[%clk 0:01:46]} Qc6 {[%clk 0:01:10]} 19. Re1
{[%clk 0:01:30]} Rd8 {[%clk 0:00:33]} 20. h3 {[%clk 0:01:25]} h6 {[%clk 0:00:25]}
21. Ncd2 {[%clk 0:00:51]} cxd4 {[%clk 0:00:10]} 22. Qxc6 {[%clk 0:00:49]} bxc6
{[%clk 0:00:11]} 23. Bxd4 {[%clk 0:00:40]} Nc5 {[%clk 0:00:10]} 24. Rc1
{[%clk 0:00:26]} Ncxe4 {[%clk 0:00:07]} 25. Nxe4 {[%clk 0:00:26]} Nxe4
{[%clk 0:00:08]} 26. Rxc6 {[%clk 0:00:27]} Bf6 {[%clk 0:00:07]} 27. Bxf6
{[%clk 0:00:23]} Rd1+ {[%clk 0:00:08]} 28. Kh2 {[%clk 0:00:22]} gxf6
{[%clk 0:00:09]} 29. Rc2 {[%clk 0:00:16]} Rb1 {[%clk 0:00:10]} 30. Nd2
{[%clk 0:00:11]} Nxd2 {[%clk 0:00:10]} 31. Rxd2 {[%clk 0:00:12]} Rxb3
{[%clk 0:00:10]} 32. g3 {[%clk 0:00:07]} Kg7 {[%clk 0:00:11]} 33. Kg2
{[%clk 0:00:07]} f5 {[%clk 0:00:11]} 34. Rd8 {[%clk 0:00:08]} h5 {[%clk 0:00:09]}
35. h4 {[%clk 0:00:07]} e5 {[%clk 0:00:08]} 36. Rd5 {[%clk 0:00:05]} Kf6
{[%clk 0:00:08]} 37. Rd6+ {[%clk 0:00:06]} Kg7 {[%clk 0:00:10]} 38. Rd5
{[%clk 0:00:08]} f6 {[%clk 0:00:11]} 39. Rd7+ {[%clk 0:00:09]} Kg6
{[%clk 0:00:13]} 40. Rd8 {[%clk 0:00:10]} Rb4 {[%clk 0:00:13]} 41. Rg8+
{[%clk 0:00:09]} Kh7 {[%clk 0:00:14]} 42. Rf8 {[%clk 0:00:10]} Kg7
{[%clk 0:00:15]} 43. Rc8 {[%clk 0:00:10]} Rg4 {[%clk 0:00:12]} 44. Rc7+
{[%clk 0:00:06]} Kg6 {[%clk 0:00:13]} 45. Rc8 {[%clk 0:00:05]} f4
{[%clk 0:00:13]} 46. Rg8+ {[%clk 0:00:05]} Kf5 {[%clk 0:00:14]} 47. Rh8
{[%clk 0:00:06]} fxg3 {[%clk 0:00:11]} 48. fxg3 {[%clk 0:00:07]} Kg6
{[%clk 0:00:12]} 49. Rg8+ {[%clk 0:00:07]} Kh7 {[%clk 0:00:13]} 50. Rf8
{[%clk 0:00:08]} Kg7 {[%clk 0:00:14]} 51. Ra8 {[%clk 0:00:08]} Rb4
{[%clk 0:00:15]} 52. Kf3 {[%clk 0:00:09]} Rb3+ {[%clk 0:00:16]} 53. Kf2
{[%clk 0:00:10]} Kg6 {[%clk 0:00:16]} 54. Rh8 {[%clk 0:00:09]} Kf5
{[%clk 0:00:11]} 55. Rxh5+ {[%clk 0:00:06]} Kg4 {[%clk 0:00:12]} 56. Rh6
{[%clk 0:00:07]} Rb2+ {[%clk 0:00:06]} 57. Ke3 {[%clk 0:00:06]} f5
{[%clk 0:00:05]} 58. Rg6+ {[%clk 0:00:07]} Kh3 {[%clk 0:00:07]} 59. Rg5
{[%clk 0:00:08]} Rb3+ {[%clk 0:00:05]} 60. Ke2 {[%clk 0:00:09]} Rb2+
{[%clk 0:00:04]} 61. Ke3 {[%clk 0:00:10]} Rb3+ {[%clk 0:00:05]} 62. Kf2
{[%clk 0:00:07]} Rb2+ {[%clk 0:00:06]} 1/2-1/2

[Event "Team Championship (men blitz)"]
[Site "Sochi"]
[Date "2017.10.05"]
[Round "8.15"]
[White "Kobalia, Mikhail"]
[Black "Timofeev, Artyom"]
[Result "1-0"]
[LiveChessVersion "1.4.8"]
[BlackElo "2619"]
[WhiteElo "2568"]

1. e4 {[%clk 0:03:03]} c5 {[%clk 0:03:03]} 2. Nf3 {[%clk 0:03:04]} Nc6
{[%clk 0:03:04]} 3. Bb5 {[%clk 0:03:05]} e6 {[%clk 0:03:04]} 4. O-O
{[%clk 0:03:05]} Nge7 {[%clk 0:03:05]} 5. d4 {[%clk 0:03:07]} cxd4
{[%clk 0:03:05]} 6. Nxd4 {[%clk 0:03:09]} Qb6 {[%clk 0:03:06]} 7. Nxc6
{[%clk 0:03:10]} bxc6 {[%clk 0:03:04]} 8. Bd3 {[%clk 0:03:10]} Ng6
{[%clk 0:02:51]} 9. c4 {[%clk 0:03:07]} Be7 {[%clk 0:02:49]} 10. Nc3
{[%clk 0:03:07]} O-O {[%clk 0:02:48]} 11. Na4 {[%clk 0:03:02]} Qc7
{[%clk 0:02:35]} 12. c5 {[%clk 0:02:52]} d5 {[%clk 0:02:26]} 13. cxd6
{[%clk 0:02:53]} Bxd6 {[%clk 0:02:27]} 14. g3 {[%clk 0:02:51]} c5
{[%clk 0:02:19]} 15. Qc2 {[%clk 0:02:52]} Ne5 {[%clk 0:02:10]} 16. Be2
{[%clk 0:02:53]} Bb7 {[%clk 0:02:11]} 17. Be3 {[%clk 0:02:28]} Rfc8
{[%clk 0:02:08]} 18. Rfd1 {[%clk 0:02:23]} Qc6 {[%clk 0:02:01]} 19. Nc3
{[%clk 0:02:14]} a6 {[%clk 0:01:56]} 20. f4 {[%clk 0:02:15]} Ng6 {[%clk 0:01:53]}
21. Bf3 {[%clk 0:02:16]} c4 {[%clk 0:01:44]} 22. Bg2 {[%clk 0:02:11]} Bc5
{[%clk 0:01:45]} 23. Bxc5 {[%clk 0:02:11]} Qxc5+ {[%clk 0:01:46]} 24. Qf2
{[%clk 0:02:13]} Qb4 {[%clk 0:01:38]} 25. Rd2 {[%clk 0:02:10]} Rd8
{[%clk 0:01:31]} 26. Rad1 {[%clk 0:02:10]} Rxd2 {[%clk 0:01:31]} 27. Rxd2
{[%clk 0:02:11]} h6 {[%clk 0:01:32]} 28. Qd4 {[%clk 0:02:08]} Rc8
{[%clk 0:01:29]} 29. Qd6 {[%clk 0:02:03]} Qa5 {[%clk 0:01:27]} 30. h4
{[%clk 0:02:00]} Bc6 {[%clk 0:01:09]} 31. Kh2 {[%clk 0:01:59]} Qh5
{[%clk 0:01:07]} 32. Kg1 {[%clk 0:01:43]} Qg4 {[%clk 0:01:03]} 33. Kf2
{[%clk 0:01:42]} Be8 {[%clk 0:00:46]} 34. Bf3 {[%clk 0:01:41]} Qh3
{[%clk 0:00:45]} 35. Rd1 {[%clk 0:01:41]} Qh2+ {[%clk 0:00:37]} 36. Bg2
{[%clk 0:01:42]} Nxh4 {[%clk 0:00:38]} 37. gxh4 {[%clk 0:01:43]} Qxh4+
{[%clk 0:00:39]} 38. Ke3 {[%clk 0:01:44]} Qg3+ {[%clk 0:00:38]} 39. Bf3
{[%clk 0:01:46]} g5 {[%clk 0:00:37]} 40. fxg5 {[%clk 0:01:43]} Qxg5+
{[%clk 0:00:37]} 41. Qf4 {[%clk 0:01:45]} Qc5+ {[%clk 0:00:38]} 42. Ke2
{[%clk 0:01:43]} Qg5 {[%clk 0:00:37]} 43. Qxg5+ {[%clk 0:01:41]} hxg5
{[%clk 0:00:38]} 44. Ke3 {[%clk 0:01:21]} Kg7 {[%clk 0:00:39]} 45. e5
{[%clk 0:01:17]} Rb8 {[%clk 0:00:13]} 46. Rd2 {[%clk 0:01:16]} f5
{[%clk 0:00:08]} 47. exf6+ {[%clk 0:01:16]} Kxf6 {[%clk 0:00:09]} 48. Rg2
{[%clk 0:01:10]} Bg6 {[%clk 0:00:10]} 49. Be4 {[%clk 0:01:12]} Bf5
{[%clk 0:00:11]} 50. Rd2 {[%clk 0:01:03]} Ke5 {[%clk 0:00:11]} 51. Bxf5
{[%clk 0:00:52]} exf5 {[%clk 0:00:13]} 52. Rd5+ {[%clk 0:00:48]} Ke6
{[%clk 0:00:14]} 53. Ra5 {[%clk 0:00:49]} Rh8 {[%clk 0:00:14]} 54. Rxa6+
{[%clk 0:00:50]} Ke5 {[%clk 0:00:15]} 55. Ra5+ {[%clk 0:00:51]} Ke6
{[%clk 0:00:16]} 56. Rb5 {[%clk 0:00:45]} Rh3+ {[%clk 0:00:15]} 57. Kf2
{[%clk 0:00:46]} g4 {[%clk 0:00:15]} 58. a4 {[%clk 0:00:46]} f4 {[%clk 0:00:15]}
59. a5 {[%clk 0:00:44]} Rh2+ {[%clk 0:00:10]} 60. Kg1 {[%clk 0:00:45]} g3
{[%clk 0:00:12]} 61. Ne4 {[%clk 0:00:38]} Re2 {[%clk 0:00:12]} 62. Ng5+
{[%clk 0:00:37]} Kf6 {[%clk 0:00:11]} 63. a6 {[%clk 0:00:39]} Re1+
{[%clk 0:00:09]} 64. Kg2 {[%clk 0:00:40]} Ra1 {[%clk 0:00:10]} 65. Ne4+
{[%clk 0:00:40]} Kg6 {[%clk 0:00:11]} 66. Kf3 {[%clk 0:00:34]} Rxa6
{[%clk 0:00:11]} 67. Kxf4 {[%clk 0:00:35]} g2 {[%clk 0:00:12]} 68. Rg5+
{[%clk 0:00:36]} Kf7 {[%clk 0:00:13]} 69. Rxg2 {[%clk 0:00:37]} Rb6
{[%clk 0:00:13]} 70. Ke5 {[%clk 0:00:36]} 1-0

[Event "Team Championship (men blitz)"]
[Site "Sochi"]
[Date "2017.10.05"]
[Round "8.16"]
[White "Sharafiev, Azat"]
[Black "Motylev, Alexander"]
[Result "1/2-1/2"]
[LiveChessVersion "1.4.8"]
[BlackElo "2551"]
[WhiteElo "2459"]

1. Nf3 {[%clk 0:03:03]} d5 {[%clk 0:03:03]} 2. g3 {[%clk 0:03:04]} g6
{[%clk 0:03:03]} 3. Bg2 {[%clk 0:03:05]} Bg7 {[%clk 0:03:04]} 4. d4
{[%clk 0:03:05]} Nf6 {[%clk 0:03:04]} 5. c4 {[%clk 0:03:05]} c6 {[%clk 0:03:04]}
6. cxd5 {[%clk 0:03:03]} cxd5 {[%clk 0:03:05]} 7. O-O {[%clk 0:03:03]} O-O
{[%clk 0:03:06]} 8. Ne5 {[%clk 0:03:03]} Ng4 {[%clk 0:02:59]} 9. Nf3
{[%clk 0:03:03]} Nf6 {[%clk 0:02:58]} 10. Ne5 {[%clk 0:03:04]} Ng4
{[%clk 0:02:47]} 1/2-1/2

[Event "Team Championship (men blitz)"]
[Site "Sochi"]
[Date "2017.10.05"]
[Round "8.17"]
[White "Moskalenko, Alexander"]
[Black "Goryachkina, Aleksandra"]
[Result "1-0"]
[LiveChessVersion "1.4.8"]
[BlackElo "2401"]
[WhiteElo "2580"]

1. d4 {[%clk 0:03:03]} d5 {[%clk 0:03:03]} 2. Bf4 {[%clk 0:03:04]} Nf6
{[%clk 0:03:04]} 3. e3 {[%clk 0:03:05]} c5 {[%clk 0:03:05]} 4. Nf3
{[%clk 0:03:05]} Nc6 {[%clk 0:03:06]} 5. c3 {[%clk 0:03:06]} e6 {[%clk 0:03:07]}
6. Nbd2 {[%clk 0:03:07]} Bd6 {[%clk 0:03:08]} 7. Bg3 {[%clk 0:03:08]} O-O
{[%clk 0:03:08]} 8. Bb5 {[%clk 0:03:09]} Be7 {[%clk 0:03:10]} 9. Bd3
{[%clk 0:03:08]} Nh5 {[%clk 0:03:10]} 10. Ne5 {[%clk 0:03:03]} g6
{[%clk 0:03:11]} 11. Nxc6 {[%clk 0:02:51]} bxc6 {[%clk 0:03:12]} 12. O-O
{[%clk 0:02:41]} a5 {[%clk 0:03:11]} 13. Be5 {[%clk 0:02:27]} Ba6
{[%clk 0:03:10]} 14. Bxa6 {[%clk 0:02:25]} Rxa6 {[%clk 0:03:11]} 15. dxc5
{[%clk 0:02:18]} Bxc5 {[%clk 0:03:10]} 16. c4 {[%clk 0:02:16]} Be7
{[%clk 0:03:06]} 17. Qa4 {[%clk 0:02:14]} Bf6 {[%clk 0:03:02]} 18. Nf3
{[%clk 0:02:09]} Bxe5 {[%clk 0:02:46]} 19. Nxe5 {[%clk 0:02:10]} Qd6
{[%clk 0:02:47]} 20. Nd3 {[%clk 0:02:00]} Nf6 {[%clk 0:02:45]} 21. Rac1
{[%clk 0:01:59]} Ne4 {[%clk 0:02:41]} 22. cxd5 {[%clk 0:01:52]} cxd5
{[%clk 0:02:40]} 23. Rc2 {[%clk 0:01:52]} h5 {[%clk 0:02:19]} 24. Rfc1
{[%clk 0:01:52]} Raa8 {[%clk 0:01:56]} 25. Rc7 {[%clk 0:01:43]} Qd8
{[%clk 0:01:53]} 26. Qd4 {[%clk 0:01:23]} Qf6 {[%clk 0:01:41]} 27. Qxf6
{[%clk 0:00:59]} Nxf6 {[%clk 0:01:42]} 28. f3 {[%clk 0:00:53]} Ne8
{[%clk 0:01:37]} 29. Rd7 {[%clk 0:00:52]} Nf6 {[%clk 0:01:38]} 30. Rdc7
{[%clk 0:00:49]} Ne8 {[%clk 0:01:39]} 31. R7c6 {[%clk 0:00:50]} Nf6
{[%clk 0:01:35]} 32. Ne5 {[%clk 0:00:51]} Rab8 {[%clk 0:01:11]} 33. R1c2
{[%clk 0:00:47]} Rfd8 {[%clk 0:00:41]} 34. Rc7 {[%clk 0:00:47]} Rf8
{[%clk 0:00:29]} 35. h4 {[%clk 0:00:48]} Ne8 {[%clk 0:00:30]} 36. Ra7
{[%clk 0:00:43]} Nf6 {[%clk 0:00:26]} 37. Kf2 {[%clk 0:00:40]} Rfc8
{[%clk 0:00:13]} 38. Rxc8+ {[%clk 0:00:39]} Rxc8 {[%clk 0:00:14]} 39. Rxf7
{[%clk 0:00:37]} Rc2+ {[%clk 0:00:14]} 40. Kg3 {[%clk 0:00:38]} Ne8
{[%clk 0:00:13]} 41. Ra7 {[%clk 0:00:30]} Ng7 {[%clk 0:00:14]} 42. e4
{[%clk 0:00:26]} dxe4 {[%clk 0:00:14]} 43. fxe4 {[%clk 0:00:27]} Rxb2
{[%clk 0:00:14]} 44. Ra8+ {[%clk 0:00:24]} Kh7 {[%clk 0:00:15]} 45. Nf7
{[%clk 0:00:25]} g5 {[%clk 0:00:15]} 46. Nxg5+ {[%clk 0:00:19]} Kg6
{[%clk 0:00:16]} 47. Rxa5 {[%clk 0:00:20]} Kf6 {[%clk 0:00:16]} 48. Nf3
{[%clk 0:00:18]} Re2 {[%clk 0:00:13]} 49. e5+ {[%clk 0:00:13]} Kg6
{[%clk 0:00:13]} 50. Ra6 {[%clk 0:00:14]} Re4 {[%clk 0:00:11]} 51. a4
{[%clk 0:00:14]} Rb4 {[%clk 0:00:09]} 52. a5 {[%clk 0:00:14]} Nf5+
{[%clk 0:00:10]} 53. Kh3 {[%clk 0:00:15]} Kf7 {[%clk 0:00:07]} 54. Ng5+
{[%clk 0:00:15]} Kg8 {[%clk 0:00:07]} 55. Nf3 {[%clk 0:00:16]} Kf7
{[%clk 0:00:09]} 56. Ra7+ {[%clk 0:00:16]} Kg8 {[%clk 0:00:06]} 57. a6
{[%clk 0:00:17]} Ra4 {[%clk 0:00:07]} 58. Ra8+ {[%clk 0:00:14]} Kg7
{[%clk 0:00:08]} 59. Kh2 {[%clk 0:00:11]} Ne3 {[%clk 0:00:07]} 60. Kg3
{[%clk 0:00:08]} Nf5+ {[%clk 0:00:08]} 61. Kf2 {[%clk 0:00:10]} Ra2+
{[%clk 0:00:09]} 62. Kg1 {[%clk 0:00:10]} Ne3 {[%clk 0:00:09]} 63. a7
{[%clk 0:00:07]} Rxg2+ 64. Kh1 Ra2 {[%clk 0:00:11]} 65. Nd4 {[%clk 0:00:09]} Ng4
{[%clk 0:00:08]} 66. Nxe6+ {[%clk 0:00:06]} Kh7 {[%clk 0:00:05]} 67. Ng5+
{[%clk 0:00:05]} Kg7 {[%clk 0:00:06]} 68. e6 {[%clk 0:00:05]} Nf2+
{[%clk 0:00:05]} 69. Kg1 {[%clk 0:00:07]} Ng4 {[%clk 0:00:04]} 70. e7
{[%clk 0:00:08]} Nf6 {[%clk 0:00:05]} 71. Kf1 {[%clk 0:00:06]} Kg6
{[%clk 0:00:05]} 72. Ne4 {[%clk 0:00:06]} Nxe4 {[%clk 0:00:03]} 73. e8=Q+
{[%clk 0:00:07]} 1-0

[Event "Team Championship (men blitz)"]
[Site "Sochi"]
[Date "2017.10.05"]
[Round "8.18"]
[White "Potapov, Pavel"]
[Black "Oganian, Miran"]
[Result "1/2-1/2"]
[LiveChessVersion "1.4.8"]
[BlackElo "2496"]
[WhiteElo "2451"]

1. e4 {[%clk 0:03:02]} c5 {[%clk 0:03:04]} 2. c3 {[%clk 0:03:03]} d5
{[%clk 0:03:05]} 3. exd5 {[%clk 0:03:05]} Qxd5 {[%clk 0:03:06]} 4. d4
{[%clk 0:03:06]} Nf6 {[%clk 0:03:07]} 5. Nf3 {[%clk 0:03:07]} Bg4
{[%clk 0:03:05]} 6. Be2 {[%clk 0:03:08]} e6 {[%clk 0:02:59]} 7. O-O
{[%clk 0:03:06]} Nc6 {[%clk 0:02:50]} 8. h3 {[%clk 0:03:06]} Bh5 {[%clk 0:02:48]}
9. Be3 {[%clk 0:03:07]} cxd4 {[%clk 0:02:45]} 10. cxd4 {[%clk 0:03:08]} Be7
{[%clk 0:02:43]} 11. Nc3 {[%clk 0:03:09]} Qa5 {[%clk 0:02:34]} 12. Qb3
{[%clk 0:03:07]} Qc7 {[%clk 0:02:29]} 13. Rac1 {[%clk 0:02:59]} O-O
{[%clk 0:02:26]} 14. Rfd1 {[%clk 0:02:56]} Rfd8 {[%clk 0:02:22]} 15. d5
{[%clk 0:02:18]} exd5 {[%clk 0:02:15]} 16. Nxd5 {[%clk 0:02:18]} Nxd5
{[%clk 0:02:11]} 17. Rxd5 {[%clk 0:02:17]} Bg6 {[%clk 0:02:03]} 18. Rb5
{[%clk 0:01:30]} Rd7 {[%clk 0:01:41]} 19. Ne5 {[%clk 0:01:27]} a6
{[%clk 0:01:28]} 20. Nxd7 {[%clk 0:01:11]} axb5 {[%clk 0:01:29]} 21. Nb6
{[%clk 0:01:11]} Rd8 {[%clk 0:00:51]} 22. Nd5 {[%clk 0:01:11]} Qd7
{[%clk 0:00:51]} 23. Nxe7+ {[%clk 0:01:11]} Qxe7 {[%clk 0:00:52]} 24. Qxb5
{[%clk 0:01:08]} h6 {[%clk 0:00:45]} 25. Bf3 {[%clk 0:00:54]} Nd4
{[%clk 0:00:19]} 26. Bxd4 {[%clk 0:00:52]} Rxd4 {[%clk 0:00:20]} 27. Qxb7
{[%clk 0:00:40]} Qxb7 {[%clk 0:00:19]} 28. Bxb7 {[%clk 0:00:41]} Rb4
{[%clk 0:00:20]} 29. Bd5 {[%clk 0:00:35]} Rxb2 {[%clk 0:00:20]} 30. Bb3
{[%clk 0:00:35]} h5 {[%clk 0:00:18]} 31. Rc8+ {[%clk 0:00:31]} Kh7
{[%clk 0:00:19]} 32. Rc7 {[%clk 0:00:27]} f6 {[%clk 0:00:20]} 33. h4
{[%clk 0:00:20]} Kh6 {[%clk 0:00:20]} 34. f3 {[%clk 0:00:18]} Bb1
{[%clk 0:00:20]} 35. Ra7 {[%clk 0:00:15]} Bd3 {[%clk 0:00:16]} 36. Ra8
{[%clk 0:00:13]} Rb1+ {[%clk 0:00:15]} 37. Kh2 {[%clk 0:00:13]} Rb2
{[%clk 0:00:16]} 38. Bf7 {[%clk 0:00:07]} g6 {[%clk 0:00:10]} 39. Bd5
{[%clk 0:00:06]} g5 {[%clk 0:00:07]} 40. Rf8 {[%clk 0:00:04]} Kg7
{[%clk 0:00:07]} 41. Rg8+ {[%clk 0:00:04]} Kh6 {[%clk 0:00:06]} 42. hxg5+
{[%clk 0:00:04]} fxg5 {[%clk 0:00:06]} 43. Rh8+ {[%clk 0:00:05]} Kg6
{[%clk 0:00:07]} 44. Rg8+ {[%clk 0:00:05]} Kh6 {[%clk 0:00:08]} 45. Ra8
{[%clk 0:00:05]} Bf1 {[%clk 0:00:07]} 46. Rh8+ {[%clk 0:00:04]} Kg6
{[%clk 0:00:09]} 47. Rg8+ {[%clk 0:00:05]} Kf6 {[%clk 0:00:10]} 48. f4
{[%clk 0:00:05]} gxf4 {[%clk 0:00:10]} 49. Bf3 {[%clk 0:00:05]} h4
{[%clk 0:00:10]} 50. Rg4 {[%clk 0:00:05]} Ke5 {[%clk 0:00:09]} 51. Rxh4
{[%clk 0:00:06]} Bxg2 {[%clk 0:00:06]} 52. Bxg2 f3 53. Rg4 {[%clk 0:00:05]} Rxa2
{[%clk 0:00:07]} 54. Kg1 {[%clk 0:00:06]} Rxg2+ {[%clk 0:00:06]} 55. Rxg2
{[%clk 0:00:07]} fxg2 {[%clk 0:00:08]} 56. Kxg2 {[%clk 0:00:09]} 1/2-1/2

[Event "Team Championship (men blitz)"]
[Site "Sochi"]
[Date "2017.10.05"]
[Round "8.19"]
[White "Vastrukhin, Oleg"]
[Black "Belyakov, Bogdan"]
[Result "1-0"]
[LiveChessVersion "1.4.8"]
[BlackElo "2477"]
[WhiteElo "2424"]

1. Nf3 {[%clk 0:03:03]} Nf6 {[%clk 0:03:03]} 2. g3 {[%clk 0:03:04]} g6
{[%clk 0:03:04]} 3. Bg2 {[%clk 0:03:06]} Bg7 {[%clk 0:03:06]} 4. O-O
{[%clk 0:03:06]} O-O {[%clk 0:03:06]} 5. c4 {[%clk 0:03:08]} c5 {[%clk 0:03:07]}
6. Nc3 {[%clk 0:03:09]} Nc6 {[%clk 0:03:08]} 7. d3 {[%clk 0:03:10]} d6
{[%clk 0:03:05]} 8. a3 {[%clk 0:03:11]} Bd7 {[%clk 0:03:03]} 9. Rb1
{[%clk 0:03:11]} Qc8 {[%clk 0:03:04]} 10. Bd2 {[%clk 0:03:04]} Bh3
{[%clk 0:03:05]} 11. b4 {[%clk 0:03:05]} b6 {[%clk 0:02:59]} 12. b5
{[%clk 0:03:04]} Nd8 {[%clk 0:02:52]} 13. a4 {[%clk 0:03:01]} Bxg2
{[%clk 0:02:48]} 14. Kxg2 {[%clk 0:03:02]} a5 {[%clk 0:02:44]} 15. bxa6
{[%clk 0:02:59]} Rxa6 {[%clk 0:02:45]} 16. Rb5 {[%clk 0:02:45]} Nc6
{[%clk 0:02:40]} 17. Qb3 {[%clk 0:02:41]} Qa8 {[%clk 0:02:26]} 18. Nd5
{[%clk 0:02:18]} Nxd5 {[%clk 0:01:57]} 19. cxd5 {[%clk 0:02:19]} Nd4
{[%clk 0:01:52]} 20. Nxd4 {[%clk 0:02:19]} Bxd4 {[%clk 0:01:53]} 21. Rxb6
{[%clk 0:02:06]} Rxa4 {[%clk 0:01:54]} 22. Rb7 {[%clk 0:01:51]} Ra2
{[%clk 0:01:47]} 23. Bh6 {[%clk 0:01:45]} Rb2 {[%clk 0:01:44]} 24. Qxb2
{[%clk 0:01:35]} Bxb2 {[%clk 0:01:45]} 25. Rxb2 {[%clk 0:01:36]} Rb8
{[%clk 0:01:42]} 26. Rxb8+ {[%clk 0:01:14]} Qxb8 {[%clk 0:01:40]} 27. e4
{[%clk 0:01:11]} f6 {[%clk 0:01:36]} 28. h4 {[%clk 0:01:06]} Kf7 {[%clk 0:01:37]}
29. Ra1 {[%clk 0:00:37]} Qb7 {[%clk 0:01:30]} 30. g4 {[%clk 0:00:27]} e6
{[%clk 0:01:25]} 31. dxe6+ {[%clk 0:00:28]} Kxe6 {[%clk 0:01:26]} 32. h5
{[%clk 0:00:12]} gxh5 {[%clk 0:01:20]} 33. gxh5 {[%clk 0:00:13]} Qb3
{[%clk 0:01:04]} 34. Ra7 {[%clk 0:00:14]} Qxd3 {[%clk 0:01:02]} 35. f3
{[%clk 0:00:16]} Qe2+ {[%clk 0:00:59]} 36. Kg3 {[%clk 0:00:17]} Qe1+
{[%clk 0:00:55]} 37. Kg2 {[%clk 0:00:18]} f5 {[%clk 0:00:50]} 38. exf5+
{[%clk 0:00:14]} Kxf5 {[%clk 0:00:39]} 39. Rf7+ {[%clk 0:00:15]} Ke6
{[%clk 0:00:40]} 40. Rxh7 {[%clk 0:00:11]} Qh4 {[%clk 0:00:36]} 41. Be3
{[%clk 0:00:10]} Kd5 {[%clk 0:00:34]} 42. h6 {[%clk 0:00:11]} Qh5
{[%clk 0:00:32]} 43. Rg7 {[%clk 0:00:10]} c4 {[%clk 0:00:27]} 44. Rg5+ 1-0